Környezetvédelmi szemlélet kialakulása, fejlődése Hódmezővásárhelyen
Elmentve itt :
| Szerző: | |
|---|---|
| További közreműködők: | |
| Dokumentumtípus: | Szakdolgozat |
| Megjelent: |
2006
|
| Kulcsszavak: | Környezetvédelem Hulladékgazdálkodás Hulladékkezelés Szelektív hulladékgyűjtés Hódmezővásárhely |
| Tárgyszavak: | |
| Online Access: | http://diploma.bibl.u-szeged.hu/101910 |
| LEADER | 00899nta a2200253 i 4500 | ||
|---|---|---|---|
| 001 | dipl101910 | ||
| 005 | 20211213102129.0 | ||
| 008 | 211130s2006 hu om 0|| zxx d | ||
| 040 | |a SZTE Diploma Repozitórium |b hun | ||
| 041 | |a zxx | ||
| 100 | 2 | |a Cseriné Posztós Krisztina | |
| 245 | 1 | 0 | |a Környezetvédelmi szemlélet kialakulása, fejlődése Hódmezővásárhelyen |h [elektronikus dokumentum] / |c Krisztina Cseriné Posztós |
| 260 | |c 2006 | ||
| 300 | |a 92 | ||
| 650 | 4 | |a Agrár | |
| 650 | 4 | |a Agricultural sciences | |
| 650 | 4 | |a Agriculture, forestry and fisheries | |
| 695 | |a Környezetvédelem | ||
| 695 | |a Hulladékgazdálkodás | ||
| 695 | |a Hulladékkezelés | ||
| 695 | |a Szelektív hulladékgyűjtés | ||
| 695 | |a Hódmezővásárhely | ||
| 700 | 1 | |a Édes Katalin |e ths | |
| 856 | 4 | 0 | |u http://diploma.bibl.u-szeged.hu/id/eprint/101910/1/2006_cserine_posztos_krisztina.pdf |z Dokumentum-elérés |